[Event "Benidorm Satellite preliminary"]
[Site "playchess.com #007036"]
[Date "2009.10.24"]
[Round "11"]
[White "Sff3"]
[Black "Rubirov"]
[Result "1-0"]
[WhiteElo "1665"]
[BlackElo "1506"]
[PlyCount "79"]
[EventDate "2009.10.24"]
[EventType "swiss (blitz)"]

1. d4 {[%emt 0:00:01]} Nf6 {[%emt 0:00:02]} 2. Qd3 {[%emt 0:00:00]} d5 {[%emt
0:00:04]} 3. Bg5 {[%emt 0:00:02]} e6 {[%emt 0:00:05]} 4. Nd2 {[%emt 0:00:05]}
Be7 {[%emt 0:00:02]} 5. e4 {[%emt 0:00:01]} dxe4 {[%emt 0:00:03]} 6. Nxe4 {
[%emt 0:00:01]} Nxe4 {[%emt 0:00:02]} 7. Bxe7 {[%emt 0:00:00]} Kxe7 {[%emt 0:
00:01]} 8. Qxe4 {[%emt 0:00:04]} Qd5 {[%emt 0:00:15]} 9. Bd3 {[%emt 0:00:02]}
Qxe4+ {[%emt 0:00:03]} 10. Bxe4 {[%emt 0:00:01]} Bd7 {[%emt 0:00:05]} 11. Bxb7
{[%emt 0:00:02]} Bc6 {[%emt 0:00:10]} 12. Bxa8 {[%emt 0:00:01]} Bxa8 {[%emt 0:
00:03]} 13. f3 {[%emt 0:00:02]} Rd8 {[%emt 0:00:03]} 14. O-O-O {[%emt 0:00:04]}
Nc6 {[%emt 0:00:06]} 15. c3 {[%emt 0:00:05]} Na5 {[%emt 0:00:03]} 16. Ne2 {
[%emt 0:00:04]} Nc4 {[%emt 0:00:06]} 17. Rd3 {[%emt 0:00:13]} Rb8 {[%emt 0:00:
03]} 18. b3 {[%emt 0:00:02]} Nd6 {[%emt 0:00:14]} 19. c4 {[%emt 0:00:05]} Nf5 {
[%emt 0:00:04]} 20. Re1 {[%emt 0:00:02]} Rd8 {[%emt 0:00:07]} 21. Kc2 {[%emt 0:
00:03]} g6 {[%emt 0:00:19]} 22. Nf4 {[%emt 0:00:03]} Nh4 {[%emt 0:00:10]} 23.
g3 {[%emt 0:00:03]} Nf5 {[%emt 0:00:05]} 24. Kc3 {[%emt 0:00:02]} Kf6 {[%emt 0:
00:19]} 25. b4 {[%emt 0:00:16]} h5 {[%emt 0:00:51]} 26. b5 {[%emt 0:00:10]} h4
{[%emt 0:00:02]} 27. g4 {[%emt 0:00:02]} Nd6 {[%emt 0:00:09]} 28. Nh3 {[%emt 0:
00:02]} c6 {[%emt 0:00:10]} 29. a4 {[%emt 0:00:02]} cxb5 {[%emt 0:00:04]} 30.
axb5 {[%emt 0:00:00]} Rc8 {[%emt 0:00:01]} 31. c5 {[%emt 0:00:06]} Nxb5+ {
[%emt 0:00:02]} 32. Kb4 {[%emt 0:00:01]} Nc7 {[%emt 0:00:04]} 33. g5+ {[%emt 0:
00:05]} Kg7 {[%emt 0:00:02]} 34. Re5 {[%emt 0:00:11] .} Na6+ {[%emt 0:00:04]}
35. Ka5 {[%emt 0:00:24]} Nc7 {[%emt 0:00:01]} 36. Nf4 {[%emt 0:00:05]} Rb8 {
[%emt 0:00:03]} 37. d5 {[%emt 0:00:05]} Rb5+ {[%emt 0:00:02]} 38. Ka4 {[%emt 0:
00:01]} Nxd5 {[%emt 0:00:05]} 39. Nxe6+ {[%emt 0:00:09]} Kg8 {[%emt 0:00:05]}
40. Kxb5 {[%emt 0:00:03] Tiempo} 1-0

[Event "Benidorm Satellite preliminary"]
[Site "playchess.com #007036"]
[Date "2009.10.24"]
[Round "11"]
[White "Mtudorache"]
[Black "Direchess"]
[Result "1-0"]
[WhiteElo "1800"]
[BlackElo "1997"]
[PlyCount "81"]
[EventDate "2009.10.24"]
[EventType "swiss (blitz)"]

1. e4 {[%emt 0:00:00]} c5 {[%emt 0:00:02]} 2. Nf3 {[%emt 0:00:02]} e6 {[%emt 0:
00:01]} 3. d4 {[%emt 0:00:01]} cxd4 {[%emt 0:00:00]} 4. Nxd4 {[%emt 0:00:00]}
Nc6 {[%emt 0:00:00]} 5. Nc3 {[%emt 0:00:04]} Bc5 {[%emt 0:00:01]} 6. Nxc6 {
[%emt 0:01:03]} bxc6 {[%emt 0:00:00]} 7. Bd3 {[%emt 0:00:02]} Nf6 {[%emt 0:00:
02]} 8. O-O {[%emt 0:00:01]} d5 {[%emt 0:00:03]} 9. Bg5 {[%emt 0:00:05]} Be7 {
[%emt 0:00:04]} 10. exd5 {[%emt 0:00:06]} cxd5 {[%emt 0:00:00]} 11. Qf3 {[%emt
0:00:10]} h6 {[%emt 0:00:04]} 12. Bh4 {[%emt 0:00:03]} Bb7 {[%emt 0:00:01]} 13.
Bb5+ {[%emt 0:00:07]} Nd7 {[%emt 0:00:11]} 14. Bxe7 {[%emt 0:00:04]} Qxe7 {
[%emt 0:00:00]} 15. Ne2 {[%emt 0:00:02]} O-O {[%emt 0:00:02]} 16. Bxd7 {[%emt
0:00:09]} Qxd7 {[%emt 0:00:01]} 17. c3 {[%emt 0:00:02]} e5 {[%emt 0:00:02]} 18.
Qg3 {[%emt 0:00:03]} Rae8 {[%emt 0:00:04]} 19. Rad1 {[%emt 0:00:02]} f5 {[%emt
0:00:01]} 20. Qd3 {[%emt 0:00:19]} Qa4 {[%emt 0:00:09]} 21. Nc1 {[%emt 0:00:17]
} f4 {[%emt 0:00:03]} 22. b3 {[%emt 0:00:03]} Qc6 {[%emt 0:00:05]} 23. f3 {
[%emt 0:00:03]} Rc8 {[%emt 0:00:07]} 24. Ne2 {[%emt 0:00:05]} Rfd8 {[%emt 0:00:
04]} 25. Qf5 {[%emt 0:00:13]} Re8 {[%emt 0:00:04]} 26. Rfe1 {[%emt 0:00:03]}
Qc5+ {[%emt 0:00:02]} 27. Kh1 {[%emt 0:00:02]} Rcd8 {[%emt 0:00:06]} 28. Ng1 {
[%emt 0:00:01]} Qxc3 {[%emt 0:00:02]} 29. Nh3 {[%emt 0:00:02]} Qb2 {[%emt 0:00:
11]} 30. Rc1 {[%emt 0:00:08]} Qd2 {[%emt 0:00:21]} 31. Red1 {[%emt 0:00:03]}
Qa5 {[%emt 0:00:08]} 32. Qg6 {[%emt 0:00:10]} e4 {[%emt 0:00:05]} 33. Nxf4 {
[%emt 0:00:06]} exf3 {[%emt 0:00:01]} 34. Nh5 {[%emt 0:00:03]} fxg2+ {[%emt 0:
00:03]} 35. Qxg2 {[%emt 0:00:05]} d4 {[%emt 0:00:06]} 36. Qxb7 {[%emt 0:00:02]}
Qxh5 {[%emt 0:00:02]} 37. Rg1 {[%emt 0:00:05]} Qd5+ {[%emt 0:00:14]} 38. Qxd5+
{[%emt 0:00:02]} Rxd5 {[%emt 0:00:00]} 39. Rc7 {[%emt 0:00:00]} d3 {[%emt 0:00:
08]} 40. Rgxg7+ {[%emt 0:00:02]} Kf8 {[%emt 0:00:07]} 41. Rcf7# {[%emt 0:00:01]
} 1-0

[Event "Benidorm Satellite preliminary"]
[Site "playchess.com #007036"]
[Date "2009.10.24"]
[Round "11"]
[White "KVR"]
[Black "Remco"]
[Result "0-1"]
[WhiteElo "2481"]
[BlackElo "2252"]
[PlyCount "72"]
[EventDate "2009.10.24"]
[EventType "swiss (blitz)"]

1. e4 {[%emt 0:00:02]} c5 {[%emt 0:00:01]} 2. Nf3 {[%emt 0:00:02]} d6 {[%emt 0:
00:15]} 3. c3 {[%emt 0:00:05]} Nf6 {[%emt 0:00:13]} 4. Bd3 {[%emt 0:00:02]} Nc6
{[%emt 0:00:05]} 5. Bc2 {[%emt 0:00:01]} d5 {[%emt 0:00:13]} 6. e5 {[%emt 0:00:
03]} Nd7 {[%emt 0:00:06]} 7. d4 {[%emt 0:00:09]} e6 {[%emt 0:00:37]} 8. O-O {
[%emt 0:00:03]} Be7 {[%emt 0:00:32]} 9. a3 {[%emt 0:00:03]} a6 {[%emt 0:00:02]}
10. b4 {[%emt 0:00:02]} b6 {[%emt 0:00:03]} 11. Qd3 {[%emt 0:00:14]} Qc7 {
[%emt 0:00:13]} 12. Bg5 {[%emt 0:00:15]} h6 {[%emt 0:00:05]} 13. Bxe7 {[%emt 0:
00:02]} Nxe7 {[%emt 0:00:00]} 14. bxc5 {[%emt 0:00:08]} bxc5 {[%emt 0:00:02]}
15. Nbd2 {[%emt 0:00:00]} a5 {[%emt 0:00:07]} 16. Rfb1 {[%emt 0:00:08]} Ba6 {
[%emt 0:00:09]} 17. Qe3 {[%emt 0:00:15]} cxd4 {[%emt 0:00:09]} 18. Qxd4 {[%emt
0:00:03]} Nc6 {[%emt 0:00:03]} 19. Qg4 {[%emt 0:00:03]} O-O {[%emt 0:00:06]}
20. Re1 {[%emt 0:00:20]} Ncxe5 {[%emt 0:00:02]} 21. Nxe5 {[%emt 0:00:01]} Nxe5
{[%emt 0:00:00]} 22. Qg3 {[%emt 0:00:01]} f6 {[%emt 0:00:04]} 23. f4 {[%emt 0:
00:06]} Qb6+ {[%emt 0:00:01]} 24. Kh1 {[%emt 0:00:02]} Nc4 {[%emt 0:00:02]} 25.
Nb3 {[%emt 0:00:11]} f5 {[%emt 0:00:10]} 26. Nd4 {[%emt 0:00:04]} Rae8 {[%emt
0:00:04]} 27. Qg6 {[%emt 0:00:05]} Bc8 {[%emt 0:00:24]} 28. Bxf5 {[%emt 0:00:
09] .} exf5 {[%emt 0:00:02]} 29. Qxe8 {[%emt 0:00:07]} Rxe8 {[%emt 0:00:03]}
30. Rxe8+ {[%emt 0:00:02]} Kh7 {[%emt 0:00:00]} 31. Rxc8 {[%emt 0:00:01]} Qb2 {
[%emt 0:00:01]} 32. Rf1 {[%emt 0:00:08]} Ne3 {[%emt 0:00:01]} 33. Rg1 {[%emt 0:
00:01]} Qxa3 {[%emt 0:00:01]} 34. Ne6 {[%emt 0:00:07]} Qd6 {[%emt 0:00:02]} 35.
h4 {[%emt 0:00:04]} Qxe6 {[%emt 0:00:01]} 36. Rc5 {[%emt 0:00:05]} Qe7 {[%emt
0:00:02] KVR resigns} 0-1

[Event "Benidorm Satellite preliminary"]
[Site "playchess.com #007036"]
[Date "2009.10.24"]
[Round "11"]
[White "DiabloAmarillo"]
[Black "Mateusz-Morfeusz"]
[Result "0-1"]
[WhiteElo "2213"]
[BlackElo "2474"]
[PlyCount "94"]
[EventDate "2009.10.24"]
[EventType "swiss (blitz)"]

1. e4 {[%emt 0:00:01]} d6 {[%emt 0:00:03]} 2. d4 {[%emt 0:00:01]} Nf6 {[%emt 0:
00:01]} 3. Nc3 {[%emt 0:00:02]} e5 {[%emt 0:00:00]} 4. Nf3 {[%emt 0:00:06]}
Nbd7 {[%emt 0:00:02]} 5. g4 {[%emt 0:00:23]} Nxg4 {[%emt 0:00:20]} 6. Rg1 {
[%emt 0:00:04]} Ngf6 {[%emt 0:00:02]} 7. Bc4 {[%emt 0:00:01]} h6 {[%emt 0:00:
00]} 8. Be3 {[%emt 0:00:01]} c6 {[%emt 0:00:01]} 9. Qd3 {[%emt 0:00:11]} Nh5 {
[%emt 0:00:02]} 10. dxe5 {[%emt 0:00:10]} dxe5 {[%emt 0:00:01]} 11. Bxf7+ {
[%emt 0:00:07]} Kxf7 {[%emt 0:00:00]} 12. Nxe5+ {[%emt 0:00:05]} Nxe5 {[%emt 0:
00:00]} 13. Qxd8 {[%emt 0:00:02]} Nf3+ {[%emt 0:00:00]} 14. Ke2 {[%emt 0:00:06]
} Nxg1+ {[%emt 0:00:02]} 15. Kd2 {[%emt 0:00:05]} Nf3+ {[%emt 0:00:22]} 16. Ke2
{[%emt 0:00:06]} Ne5 {[%emt 0:00:07]} 17. Rd1 {[%emt 0:00:11]} Bg4+ {[%emt 0:
00:02]} 18. Kf1 {[%emt 0:00:07]} Rxd8 {[%emt 0:00:28]} 19. Rxd8 {[%emt 0:00:01]
} g5 {[%emt 0:00:48]} 20. Rb8 {[%emt 0:00:11]} b5 {[%emt 0:00:08]} 21. Rb7+ {
[%emt 0:00:06]} Ke6 {[%emt 0:00:06]} 22. Rxa7 {[%emt 0:00:01]} Bb4 {[%emt 0:00:
13]} 23. a4 {[%emt 0:00:09]} Bxc3 {[%emt 0:00:11]} 24. bxc3 {[%emt 0:00:01]}
bxa4 {[%emt 0:00:02]} 25. Rxa4 {[%emt 0:00:01]} Bf3 {[%emt 0:00:04]} 26. Bd4 {
[%emt 0:00:05]} Nf6 {[%emt 0:00:06]} 27. h3 {[%emt 0:00:03]} Bxe4 {[%emt 0:00:
07]} 28. Ke2 {[%emt 0:00:04]} Bxc2 {[%emt 0:00:01]} 29. Ra6 {[%emt 0:00:03]}
Be4 {[%emt 0:00:03]} 30. Ra4 {[%emt 0:00:08]} Bd5 {[%emt 0:00:02]} 31. Ke3 {
[%emt 0:00:03]} Nfd7 {[%emt 0:00:03]} 32. Rb4 {[%emt 0:00:06]} Rf8 {[%emt 0:00:
05]} 33. Ke2 {[%emt 0:00:04]} c5 {[%emt 0:00:02]} 34. Bxc5 {[%emt 0:00:04]}
Nxc5 {[%emt 0:00:01]} 35. Rb5 {[%emt 0:00:01]} Bc4+ {[%emt 0:00:01]} 36. Ke3 {
[%emt 0:00:01]} Rf3+ {[%emt 0:00:02]} 37. Kd4 {[%emt 0:00:01]} Bxb5 {[%emt 0:
00:16]} 38. Kxc5 {[%emt 0:00:01]} Rxc3+ {[%emt 0:00:01]} 39. Kxb5 {[%emt 0:00:
01]} Rf3 {[%emt 0:00:03]} 40. Kc5 {[%emt 0:00:01]} Rxf2 {[%emt 0:00:00]} 41. h4
{[%emt 0:00:00]} gxh4 {[%emt 0:00:01]} 42. Kd4 {[%emt 0:00:00]} h3 {[%emt 0:00:
05]} 43. Ke3 {[%emt 0:00:00]} Rf3+ {[%emt 0:00:00]} 44. Ke2 {[%emt 0:00:01]} h2
{[%emt 0:00:01]} 45. Kd2 {[%emt 0:00:01]} h1=Q {[%emt 0:00:01]} 46. Ke2 {[%emt
0:00:00]} Qg2+ {[%emt 0:00:00]} 47. Ke1 {[%emt 0:00:01]} Rf1# {[%emt 0:00:00]}
0-1

[Event "Benidorm Satellite preliminary"]
[Site "playchess.com #007036"]
[Date "2009.10.24"]
[Round "11"]
[White "Kampfgeist"]
[Black "Roefe"]
[Result "0-1"]
[WhiteElo "1362"]
[BlackElo "1673"]
[PlyCount "68"]
[EventDate "2009.10.24"]
[EventType "swiss (blitz)"]

1. e4 {[%emt 0:00:02]} c5 {[%emt 0:00:02]} 2. Nf3 {[%emt 0:00:03]} e6 {[%emt 0:
00:01]} 3. d4 {[%emt 0:00:02]} cxd4 {[%emt 0:00:00]} 4. Nxd4 {[%emt 0:00:01]}
a6 {[%emt 0:00:01]} 5. c4 {[%emt 0:00:02]} d6 {[%emt 0:00:01]} 6. Nc3 {[%emt 0:
00:03]} Nf6 {[%emt 0:00:00]} 7. Bg5 {[%emt 0:00:03]} Be7 {[%emt 0:00:01]} 8.
Qd2 {[%emt 0:00:04]} Qc7 {[%emt 0:00:04]} 9. O-O-O {[%emt 0:00:05]} b6 {[%emt
0:00:01]} 10. f4 {[%emt 0:00:08]} Bb7 {[%emt 0:00:02]} 11. e5 {[%emt 0:00:05]}
dxe5 {[%emt 0:00:03]} 12. fxe5 {[%emt 0:00:08]} Qxe5 {[%emt 0:00:08]} 13. Bd3 {
[%emt 0:00:01]} Qc7 {[%emt 0:00:11]} 14. Rhe1 {[%emt 0:00:07]} Nc6 {[%emt 0:00:
10]} 15. Nf3 {[%emt 0:00:07]} Rd8 {[%emt 0:00:08]} 16. Qc2 {[%emt 0:00:02]} h6
{[%emt 0:00:03]} 17. Bh4 {[%emt 0:00:03]} Nb4 {[%emt 0:00:03]} 18. Qe2 {[%emt
0:00:05]} Nxd3+ {[%emt 0:00:06]} 19. Rxd3 {[%emt 0:00:02]} Rxd3 {[%emt 0:00:04]
} 20. Qxd3 {[%emt 0:00:02]} O-O {[%emt 0:00:12]} 21. Ne5 {[%emt 0:00:12]} Rd8 {
[%emt 0:00:08]} 22. Qg3 {[%emt 0:00:13]} Qc5 {[%emt 0:00:15]} 23. Na4 {[%emt 0:
00:12]} Qd4 {[%emt 0:00:09]} 24. Qb3 {[%emt 0:00:48]} Qd2+ {[%emt 0:00:14]} 25.
Kb1 {[%emt 0:00:02]} b5 {[%emt 0:00:33]} 26. cxb5 {[%emt 0:00:05]} Bd5 {[%emt
0:00:12]} 27. Qd3 {[%emt 0:00:18]} Qa5 {[%emt 0:00:09]} 28. Nc3 {[%emt 0:00:07]
} Bxa2+ {[%emt 0:00:04]} 29. Nxa2 {[%emt 0:00:05]} Rxd3 {[%emt 0:00:02]} 30.
Nxd3 {[%emt 0:00:04]} Qxb5 {[%emt 0:00:03]} 31. Nc3 {[%emt 0:00:03]} Qf5 {
[%emt 0:00:07]} 32. Kc2 {[%emt 0:00:14]} a5 {[%emt 0:00:03]} 33. h3 {[%emt 0:
00:03]} Bb4 {[%emt 0:00:04]} 34. g4 {[%emt 0:00:04]} Qf3 {[%emt 0:00:08]
Kampfgeist gibt auf  (Lag: Av=0.32s, max=1.0s)} 0-1

[Event "Benidorm Satellite preliminary"]
[Site "playchess.com #007036"]
[Date "2009.10.24"]
[Round "11"]
[White "Casellina"]
[Black "Planescape"]
[Result "0-1"]
[WhiteElo "1561"]
[BlackElo "1731"]
[PlyCount "118"]
[EventDate "2009.10.24"]
[EventType "swiss (blitz)"]

1. e4 {[%emt 0:00:02]} d5 {[%emt 0:00:01]} 2. d4 {[%emt 0:00:02]} dxe4 {[%emt
0:00:03]} 3. Nc3 {[%emt 0:00:01]} Bf5 {[%emt 0:00:01]} 4. f3 {[%emt 0:00:01]}
exf3 {[%emt 0:00:03]} 5. Nxf3 {[%emt 0:00:01]} Nf6 {[%emt 0:00:03]} 6. Be3 {
[%emt 0:00:04]} e6 {[%emt 0:00:02]} 7. Bd3 {[%emt 0:00:03]} Bxd3 {[%emt 0:00:
02]} 8. Qxd3 {[%emt 0:00:01]} Bb4 {[%emt 0:00:01]} 9. O-O {[%emt 0:00:05]} O-O
{[%emt 0:00:04]} 10. a3 {[%emt 0:00:02]} Bxc3 {[%emt 0:00:02]} 11. bxc3 {[%emt
0:00:01]} Nbd7 {[%emt 0:00:03]} 12. Bg5 {[%emt 0:00:05]} h6 {[%emt 0:00:02]}
13. Bh4 {[%emt 0:00:05]} c6 {[%emt 0:00:01]} 14. Nd2 {[%emt 0:00:04]} Qa5 {
[%emt 0:00:05]} 15. Nc4 {[%emt 0:00:24]} Qh5 {[%emt 0:00:02]} 16. Bg3 {[%emt 0:
00:16]} Nd5 {[%emt 0:00:02]} 17. Nd6 {[%emt 0:00:13]} b6 {[%emt 0:00:05]} 18.
Ne4 {[%emt 0:00:11]} N7f6 {[%emt 0:00:07]} 19. Bd6 {[%emt 0:00:18]} Rfe8 {
[%emt 0:00:06]} 20. c4 {[%emt 0:00:06]} Nxe4 {[%emt 0:00:02]} 21. Qxe4 {[%emt
0:00:18]} Nc3 {[%emt 0:00:02]} 22. Qe3 {[%emt 0:00:25]} Ne2+ {[%emt 0:00:11]}
23. Kh1 {[%emt 0:00:03]} e5 {[%emt 0:00:16]} 24. dxe5 {[%emt 0:00:24]} Rad8 {
[%emt 0:00:07]} 25. Qf3 {[%emt 0:00:09]} Qxf3 {[%emt 0:00:10]} 26. Rxf3 {[%emt
0:00:05]} Nd4 {[%emt 0:00:00]} 27. Rf2 {[%emt 0:00:14]} Ne6 {[%emt 0:00:03]}
28. Raf1 {[%emt 0:00:07]} Rd7 {[%emt 0:00:00]} 29. h3 {[%emt 0:00:03]} Ng5 {
[%emt 0:00:01]} 30. Kh2 {[%emt 0:00:02]} Ne4 {[%emt 0:00:01]} 31. Rf3 {[%emt 0:
00:02]} Nxd6 {[%emt 0:00:01]} 32. exd6 {[%emt 0:00:01]} Rxd6 {[%emt 0:00:01]}
33. Rd3 {[%emt 0:00:01]} Rxd3 {[%emt 0:00:01]} 34. cxd3 {[%emt 0:00:01]} Re3 {
[%emt 0:00:01]} 35. Rd1 {[%emt 0:00:01]} Kf8 {[%emt 0:00:02]} 36. Kg1 {[%emt 0:
00:02]} Ke7 {[%emt 0:00:01]} 37. Kf2 {[%emt 0:00:02]} Re5 {[%emt 0:00:07]} 38.
Rd2 {[%emt 0:00:01]} Kd6 {[%emt 0:00:03]} 39. d4 {[%emt 0:00:02]} Ra5 {[%emt 0:
00:02]} 40. Rd3 {[%emt 0:00:01]} b5 {[%emt 0:00:02]} 41. cxb5 {[%emt 0:00:05]}
Rxb5 {[%emt 0:00:04]} 42. Kf3 {[%emt 0:00:01]} Kd5 {[%emt 0:00:00]} 43. g4 {
[%emt 0:00:03]} g5 {[%emt 0:00:03]} 44. Kg3 {[%emt 0:00:04]} Rb1 {[%emt 0:00:
04]} 45. h4 {[%emt 0:00:03]} Ke4 {[%emt 0:00:01]} 46. Rf3 {[%emt 0:00:03]} Kxd4
{[%emt 0:00:03]} 47. hxg5 {[%emt 0:00:01]} hxg5 {[%emt 0:00:03]} 48. Rxf7 {
[%emt 0:00:01]} Rb3+ {[%emt 0:00:01]} 49. Kf2 {[%emt 0:00:02]} c5 {[%emt 0:00:
02]} 50. Rxa7 {[%emt 0:00:02]} c4 {[%emt 0:00:01]} 51. Rd7+ {[%emt 0:00:02]}
Ke4 {[%emt 0:00:01]} 52. a4 {[%emt 0:00:01]} c3 {[%emt 0:00:02]} 53. Rc7 {
[%emt 0:00:02]} Rb2+ {[%emt 0:00:01]} 54. Ke1 {[%emt 0:00:04]} c2 {[%emt 0:00:
03]} 55. Kd2 {[%emt 0:00:02]} c1=Q+ {[%emt 0:00:00]} 56. Kxc1 {[%emt 0:00:01]}
Ra2 {[%emt 0:00:01]} 57. Rc4+ {[%emt 0:00:01]} Kd3 {[%emt 0:00:04]} 58. Rb4 {
[%emt 0:00:02]} Kc3 {[%emt 0:00:01] Casellina offers a draw} 59. Re4 {[%emt 0:
00:02]} Ra1# {[%emt 0:00:01]} 0-1

[Event "Benidorm Satellite preliminary"]
[Site "playchess.com #007036"]
[Date "2009.10.24"]
[Round "11"]
[White "Bartimäus"]
[Black "Kingsize"]
[Result "1-0"]
[WhiteElo "1779"]
[BlackElo "1492"]
[PlyCount "67"]
[EventDate "2009.10.24"]
[EventType "swiss (blitz)"]

1. d4 {[%emt 0:00:01]} d5 {[%emt 0:00:03]} 2. c4 {[%emt 0:00:01]} e6 {[%emt 0:
00:01]} 3. Nc3 {[%emt 0:00:01]} Bb4 {[%emt 0:00:01]} 4. Nf3 {[%emt 0:00:03]} c5
{[%emt 0:00:01]} 5. cxd5 {[%emt 0:00:02]} exd5 {[%emt 0:00:02]} 6. Bf4 {[%emt
0:00:07]} Nf6 {[%emt 0:00:01]} 7. e3 {[%emt 0:00:02]} Nc6 {[%emt 0:00:03]} 8.
Bb5 {[%emt 0:00:07]} O-O {[%emt 0:00:03]} 9. O-O {[%emt 0:00:03]} Bxc3 {[%emt
0:00:11]} 10. bxc3 {[%emt 0:00:01]} cxd4 {[%emt 0:00:02]} 11. cxd4 {[%emt 0:00:
02]} Bg4 {[%emt 0:00:02]} 12. h3 {[%emt 0:00:01]} Bh5 {[%emt 0:00:04]} 13. Be2
{[%emt 0:00:05]} Ne4 {[%emt 0:00:13]} 14. Nd2 {[%emt 0:00:11]} Bxe2 {[%emt 0:
00:06]} 15. Qxe2 {[%emt 0:00:01]} Nxd2 {[%emt 0:00:03]} 16. Qxd2 {[%emt 0:00:
01]} Re8 {[%emt 0:00:06]} 17. Rab1 {[%emt 0:00:02]} b6 {[%emt 0:00:06]} 18.
Rfc1 {[%emt 0:00:02]} Rc8 {[%emt 0:00:05]} 19. Qd1 {[%emt 0:00:18]} Qd7 {[%emt
0:00:04]} 20. Qa4 {[%emt 0:00:05]} Qe6 {[%emt 0:00:18]} 21. Qb5 {[%emt 0:00:11]
} Na5 {[%emt 0:00:16]} 22. Qa6 {[%emt 0:00:25]} Rxc1+ {[%emt 0:00:09]} 23. Rxc1
{[%emt 0:00:02]} Nc6 {[%emt 0:00:22]} 24. Qb7 {[%emt 0:00:08]} Nb4 {[%emt 0:00:
31]} 25. Rc7 {[%emt 0:00:16]} Nd3 {[%emt 0:00:08]} 26. Bg3 {[%emt 0:00:01]} a5
{[%emt 0:00:45]} 27. Rc6 {[%emt 0:00:07]} Qe4 {[%emt 0:00:04]} 28. Qxb6 {[%emt
0:00:14] .} Ne1 {[%emt 0:00:01]} 29. f3 {[%emt 0:00:16]} Qxe3+ {[%emt 0:00:01]}
30. Bf2 {[%emt 0:00:01]} Qe2 {[%emt 0:00:04]} 31. Qxa5 {[%emt 0:00:21]} Nd3 {
[%emt 0:00:01]} 32. Bg3 {[%emt 0:00:14]} Qe3+ {[%emt 0:00:03]} 33. Kh2 {[%emt
0:00:05]} Qxd4 {[%emt 0:00:01]} 34. Qd2 {[%emt 0:00:10] Time} 1-0

[Event "Benidorm Satellite preliminary"]
[Site "playchess.com #007036"]
[Date "2009.10.24"]
[Round "11"]
[White "Priscila"]
[Black "sabla"]
[Result "1-0"]
[WhiteElo "1842"]
[BlackElo "1724"]
[PlyCount "99"]
[EventDate "2009.10.24"]
[EventType "swiss (blitz)"]

1. c4 {[%emt 0:00:02]} e5 {[%emt 0:00:01]} 2. Nf3 {[%emt 0:00:00]} e4 {[%emt 0:
00:02]} 3. Ng1 {[%emt 0:00:02]} f5 {[%emt 0:00:01]} 4. Nc3 {[%emt 0:00:01]} Nf6
{[%emt 0:00:01]} 5. d3 {[%emt 0:00:01]} exd3 {[%emt 0:00:03]} 6. Qxd3 {[%emt 0:
00:00]} d6 {[%emt 0:00:08]} 7. Bg5 {[%emt 0:00:01]} Be7 {[%emt 0:00:01]} 8. Nf3
{[%emt 0:00:02]} O-O {[%emt 0:00:01]} 9. g3 {[%emt 0:00:06]} Ng4 {[%emt 0:00:
07]} 10. Bxe7 {[%emt 0:00:03]} Qxe7 {[%emt 0:00:01]} 11. Nd5 {[%emt 0:00:05]}
Qd8 {[%emt 0:00:01]} 12. Bg2 {[%emt 0:00:17]} c6 {[%emt 0:00:01]} 13. Nc3 {
[%emt 0:00:01]} Qb6 {[%emt 0:00:08]} 14. O-O {[%emt 0:00:13]} Rd8 {[%emt 0:00:
14]} 15. h3 {[%emt 0:00:06]} Ne5 {[%emt 0:00:03]} 16. Nxe5 {[%emt 0:00:11]}
dxe5 {[%emt 0:00:01]} 17. Na4 {[%emt 0:00:03]} Qc7 {[%emt 0:00:04]} 18. Qc2 {
[%emt 0:00:05]} Be6 {[%emt 0:00:07]} 19. Nc5 {[%emt 0:00:02]} Qf7 {[%emt 0:00:
11]} 20. Rad1 {[%emt 0:00:09]} Nd7 {[%emt 0:00:07]} 21. Nxb7 {[%emt 0:00:12]}
Rf8 {[%emt 0:00:11]} 22. Nd6 {[%emt 0:00:14]} Qe7 {[%emt 0:00:05]} 23. Bxc6 {
[%emt 0:00:04]} Rab8 {[%emt 0:00:05]} 24. a3 {[%emt 0:00:15]} e4 {[%emt 0:00:
01]} 25. b4 {[%emt 0:00:04]} Ne5 {[%emt 0:00:01]} 26. Ba4 {[%emt 0:00:10]} Rfd8
{[%emt 0:00:09]} 27. c5 {[%emt 0:00:02]} Ng6 {[%emt 0:00:09]} 28. Bb3 {[%emt 0:
00:04]} h5 {[%emt 0:00:18]} 29. Qa2 {[%emt 0:00:01]} Bxb3 {[%emt 0:00:03]} 30.
Qxb3+ {[%emt 0:00:00]} Kh7 {[%emt 0:00:01]} 31. h4 {[%emt 0:00:06]} Qf6 {[%emt
0:00:05]} 32. Nf7 {[%emt 0:00:06]} Rxd1 {[%emt 0:00:06]} 33. Rxd1 {[%emt 0:00:
03]} f4 {[%emt 0:00:01]} 34. Ng5+ {[%emt 0:00:06]} Kh6 {[%emt 0:00:01]} 35. Rd6
{[%emt 0:00:02]} Qf5 {[%emt 0:00:06]} 36. Qe6 {[%emt 0:00:23]} Qxe6 {[%emt 0:
00:13]} 37. Rxe6 {[%emt 0:00:00]} fxg3 {[%emt 0:00:01]} 38. fxg3 {[%emt 0:00:
01]} Rf8 {[%emt 0:00:08]} 39. c6 {[%emt 0:00:09]} Rf6 {[%emt 0:00:06]} 40. c7 {
[%emt 0:00:07]} Rf8 {[%emt 0:00:08]} 41. Nf7+ {[%emt 0:00:02]} Kh7 {[%emt 0:00:
02]} 42. Rxg6 {[%emt 0:00:06]} Rc8 {[%emt 0:00:04]} 43. Rc6 {[%emt 0:00:03]}
Kg8 {[%emt 0:00:01]} 44. Nd6 {[%emt 0:00:02]} Ra8 {[%emt 0:00:03]} 45. c8=Q+ {
[%emt 0:00:04]} Rxc8 {[%emt 0:00:01]} 46. Nxc8 {[%emt 0:00:00]} Kh7 {[%emt 0:
00:01]} 47. Nxa7 {[%emt 0:00:01]} g6 {[%emt 0:00:02]} 48. Nb5 {[%emt 0:00:00]}
Kg7 {[%emt 0:00:01]} 49. Nd4 {[%emt 0:00:01]} Kf7 {[%emt 0:00:01]} 50. b5 {
[%emt 0:00:02] sabla resigns} 1-0